=LDR 00000nam 2200000 4500 =001 INLIS000000000021699 =005 20130612120531 =008 ***********************************Ind** =035 ##$$0010-061300000021699 =041 ##$$a Ind =082 ##$$a 158.1 =090 ##$$a 158.1, Kha k =100 ##$$a Khan, Maulana Wahiddin =245 ##$$a Kisah orang-orang sukses, Maulana Wahiddin Khan =260 ##$$a 2005 $b Yogyakarta =300 ##$$a 288 hlm, 21 cm =650 ##$$a Sukses-Aspek psikologi =850 ##$$a NBPNMAT